000 00610nam a22001817a 4500
005 20231024154828.0
008 231024b sa ||||| |||| 00| 0 eng d
020 _a9781920544850
_qpbk
040 _aRDA
_c3228
082 _223
_a599.0968 APPS
100 _aApps, Peter
_9105673
245 _aWild ways: field companion to the behaviour of Southern African mammals
_cPeter Apps
260 _aCape Town:
_bStruik,
_c{ date of publication not identify }
300 _a280 pages: illustration;
_c23 cm
504 _6Includes bibliographical reference and index
650 _aAnimals
_9131717
942 _2ddc
_cBK
_w375
_xRosinah Mosako
_y375
_zRosinah Mosako
999 _c759296
_d759295